France Tournament Squads Since 1980 - Statistics

General Stats
  • This quiz has been taken 225 times
  • The average score is 327 of 478
Answer Stats
% Correct
2022 FIFA World Cup Qatar 1 GK© Tottenham Hotspur 35 Hugo Lloris 139
99%
2021 UEFA Nations League Italy 1 GK© Tottenham Hotspur 34 Hugo Lloris 132
99%
EURO 2020 Europe (2021) 1 GK© Tottenham Hotspur 34 Hugo Lloris 125
99%
2018 FIFA World Cup Russia 1 GK© Tottenham Hotspur 31 Hugo Lloris 98
99%
EURO 2016 France 1 GK© Tottenham Hotspur 29 Hugo Lloris 75
99%
2014 FIFA World Cup Brazil 1 GK© Tottenham Hotspur 27 Hugo Lloris 57
99%
EURO 2012 Poland & Ukraine 1 GK© Lyon 25 Hugo Lloris 37
99%
2010 FIFA World Cup South Africa 1 GK Lyon 23 Hugo Lloris 11
99%
2022 FIFA World Cup Qatar 10 FW Paris Saint-Germain 23 Kylian Mbappe 59
98%
2021 UEFA Nations League Italy 10 FW Paris Saint-Germain 22 Kylian Mbappe 49
98%
EURO 2020 Europe (2021) 10 FW Paris Saint-Germain 22 Kylian Mbappe 44
98%
2018 FIFA World Cup Russia 10 FW Paris Saint-Germain 19 Kylian Mbappe 15
98%
2022 FIFA World Cup Qatar 19 FW Real Madrid 34 Karim Benzema 97
97%
2021 UEFA Nations League Italy 19 FW Real Madrid 33 Karim Benzema 90
97%
EURO 2020 Europe (2021) 19 FW Real Madrid 33 Karim Benzema 83
97%
2014 FIFA World Cup Brazil 10 FW Real Madrid 26 Karim Benzema 66
97%
EURO 2012 Poland & Ukraine 10 FW Real Madrid 24 Karim Benzema 49
97%
EURO 2008 Austria & Switzerland 9 FW Lyon 20 Karim Benzema 11
97%
2022 FIFA World Cup Qatar 9 FW Milan 36 Olivier Giroud 114
97%
EURO 2020 Europe (2021) 9 FW Chelsea 34 Olivier Giroud 108
97%
2018 FIFA World Cup Russia 9 FW Chelsea 31 Olivier Giroud 74
97%
EURO 2016 France 9 FW Arsenal 29 Olivier Giroud 49
97%
2014 FIFA World Cup Brazil 9 FW Arsenal 27 Olivier Giroud 30
97%
EURO 2012 Poland & Ukraine 9 FW Montpellier 25 Olivier Giroud 9
97%
2022 FIFA World Cup Qatar 7 FW Atletico Madrid 31 Antoine Griezmann 110
96%
2021 UEFA Nations League Italy 7 FW Atletico Madrid 30 Antoine Griezmann 98
96%
EURO 2020 Europe (2021) 7 FW Barcelona 30 Antoine Griezmann 91
96%
2018 FIFA World Cup Russia 7 FW Atletico Madrid 27 Antoine Griezmann 54
96%
EURO 2016 France 7 FW Atletico Madrid 25 Antoine Griezmann 27
96%
2014 FIFA World Cup Brazil 11 FW Real Sociedad 23 Antoine Griezmann 4
96%
2022 FIFA World Cup Qatar 2 DF Bayern Munich 26 Benjamin Pavard 46
96%
2021 UEFA Nations League Italy 2 DF Bayern Munich 25 Benjamin Pavard 38
96%
EURO 2020 Europe (2021) 2 DF Bayern Munich 25 Benjamin Pavard 35
96%
2018 FIFA World Cup Russia 2 DF Stuttgart 22 Benjamin Pavard 6
96%
EURO 2008 Austria & Switzerland 15 DF© Barcelona 36 Lillian Thuram 140
96%
2006 FIFA World Cup Germany 15 DF Juventus 34 Lillian Thuram 114
96%
EURO 2004 Portugal 15 DF Juventus 32 Lillian Thuram 99
96%
2003 FIFA Confederations Cup France 15 DF Juventus 31 Lillian Thuram
96%
2002 FIFA World Cup South Korea & Japan 15 DF Juventus 30 Lillian Thuram 73
96%
EURO 2000 Belgium & Netherlands 15 DF Parma 28 Lillian Thuram 58
96%
1998 FIFA World Cup France 15 DF Parma 26 Lillian Thuram 32
96%
EURO 1996 England 15 DF Monaco 24 Lillian Thuram 14
96%
2022 FIFA World Cup Qatar 21 DF Bayern Munich 26 Lucas Hernandez 32
96%
2021 UEFA Nations League Italy 21 DF Bayern Munich 25 Lucas Hernandez 28
96%
EURO 2020 Europe (2021) 21 DF Bayern Munich 25 Lucas Hernandez 26
96%
2018 FIFA World Cup Russia 21 DF Atletico Madrid 22 Lucas Hernandez 5
96%
2022 FIFA World Cup Qatar 26 FW Borussia Monchengladbach 25 Marcus Thuram 4
96%
EURO 2020 Europe (2021) 26 FW Borussia Monchengladbach 23 Marcus Thuram 3
96%
2022 FIFA World Cup Qatar 22 DF Milan 25 Theo Hernandez 7
96%
2021 UEFA Nations League Italy 22 DF Milan 24 Theo Hernandez 1
96%
2006 FIFA World Cup Germany 10 MF© Real Madrid 33 Zinedine Zidane 102
95%
EURO 2004 Portugal 10 MF Real Madrid 31 Zinedine Zidane 88
95%
2002 FIFA World Cup South Korea & Japan 10 MF Real Madrid 29 Zinedine Zidane 73
95%
EURO 2000 Belgium & Netherlands 10 MF Juventus 27 Zinedine Zidane 55
95%
1998 FIFA World Cup France 10 MF Juventus 25 Zinedine Zidane 33
95%
EURO 1996 England 10 MF Bordeaux 23 Zinedine Zidane 15
95%
2021 UEFA Nations League Italy 9 FW Manchester United 25 Anthony Martial 30
94%
EURO 2016 France 11 FW Manchester United 20 Anthony Martial 9
94%
2022 FIFA World Cup Qatar 11 FW Barcelona 25 Ousmane Dembele 28
94%
EURO 2020 Europe (2021) 11 FW Barcelona 24 Ousmane Dembele 25
94%
2018 FIFA World Cup Russia 11 FW Barcelona 21 Ousmane Dembele 12
94%
2021 UEFA Nations League Italy 6 MF Manchester United 28 Paul Pogba 87
94%
EURO 2020 Europe (2021) 6 MF Manchester United 28 Paul Pogba 80
94%
2018 FIFA World Cup Russia 6 MF Manchester United 25 Paul Pogba 54
94%
EURO 2016 France 15 MF Juventus 23 Paul Pogba 31
94%
2014 FIFA World Cup Brazil 19 MF Juventus 21 Paul Pogba 11
94%
2022 FIFA World Cup Qatar 4 DF Manchester United 29 Raphael Varane 87
94%
2021 UEFA Nations League Italy 4 DF Manchester United 28 Raphael Varane 81
94%
EURO 2020 Europe (2021) 4 DF Real Madrid 28 Raphael Varane 75
94%
2018 FIFA World Cup Russia 4 DF Real Madrid 25 Raphael Varane 42
94%
2014 FIFA World Cup Brazil 4 DF Real Madrid 21 Raphael Varane 6
94%
2010 FIFA World Cup South Africa 12 FW© Barcelona 32 Thierry Henry 121
94%
EURO 2008 Austria & Switzerland 12 FW Barcelona 30 Thierry Henry 100
94%
2006 FIFA World Cup Germany 12 FW Arsenal 28 Thierry Henry 78
94%
EURO 2004 Portugal 12 FW Arsenal 26 Thierry Henry 60
94%
2003 FIFA Confederations Cup France 12 FW Arsenal 25 Thierry Henry
94%
2002 FIFA World Cup South Korea & Japan 12 FW Arsenal 24 Thierry Henry 35
94%
EURO 2000 Belgium & Netherlands 12 FW Arsenal 22 Thierry Henry 17
94%
1998 FIFA World Cup France 12 FW Monaco 20 Thierry Henry 3
94%
EURO 2020 Europe (2021) 13 MF Chelsea 30 N'Golo Kante 46
93%
2018 FIFA World Cup Russia 13 MF Chelsea 27 N'Golo Kante 24
93%
EURO 2016 France 5 MF Leicester City 25 N'Golo Kante 4
93%
2006 FIFA World Cup Germany 16 GK Marseille 34 Fabien Barthez 80
92%
EURO 2004 Portugal 16 GK Marseille 32 Fabien Barthez 66
92%
2003 FIFA Confederations Cup France 16 GK Manchester United 31 Fabien Barthez
92%
2002 FIFA World Cup South Korea & Japan 16 GK Manchester United 30 Fabien Barthez 47
92%
EURO 2000 Belgium & Netherlands 16 GK Monaco 28 Fabien Barthez 34
92%
1998 FIFA World Cup France 16 GK Monaco 26 Fabien Barthez 12
92%
EURO 1996 England 16 GK Monaco 24 Fabien Barthez 4
92%
2022 FIFA World Cup Qatar 20 FW Bayern Munich 26 Kingsley Coman 40
92%
EURO 2020 Europe (2021) 20 MF Bayern Munich 24 Kingsley Coman 30
92%
EURO 2016 France 20 FW Bayern Munich 19 Kingsley Coman 5
92%
EURO 2016 France 3 DF Juventus 35 Patrice Evra 73
92%
2014 FIFA World Cup Brazil 3 DF Manchester United 33 Patrice Evra 58
92%
EURO 2012 Poland & Ukraine 3 DF Manchester United 31 Patrice Evra 42
92%
2010 FIFA World Cup South Africa 13 DF Manchester United 29 Patrice Evra 30
92%
EURO 2008 Austria & Switzerland 13 DF Manchester United 27 Patrice Evra 11
92%
2022 FIFA World Cup Qatar 14 MF Juventus 27 Adrien Rabiot 29
91%
2021 UEFA Nations League Italy 14 MF Juventus 26 Adrien Rabiot 21
91%
EURO 2020 Europe (2021) 14 MF Juventus 26 Adrien Rabiot 15
91%
2022 FIFA World Cup Qatar 23 GK West Ham United 29 Alphonse Areola 5
91%
2018 FIFA World Cup Russia 23 GK Paris Saint-Germain 25 Alphonse Areola 0
91%
2022 FIFA World Cup Qatar 25 MF Real Madrid 20 Eduardo Camavinga 4
91%
2018 FIFA World Cup Russia 5 DF Barcelona 24 Samuel Umtiti 19
91%
EURO 2016 France 22 DF Lyon 22 Samuel Umtiti 0
91%
2022 FIFA World Cup Qatar 8 MF Real Madrid 22 Aurelien Tchouameni 14
90%
2021 UEFA Nations League Italy 8 MF Monaco 21 Aurelien Tchouameni 3
90%
2022 FIFA World Cup Qatar 18 DF Bayern Munich 24 Dayot Upamecano 7
90%
2021 UEFA Nations League Italy 15 DF Bayern Munich 22 Dayot Upamecano 3
90%
EURO 2012 Poland & Ukraine 7 MF Bayern Munich 29 Franck Ribery 64
90%
2010 FIFA World Cup South Africa 7 MF Bayern Munich 27 Franck Ribery 45
90%
EURO 2008 Austria & Switzerland 22 MF Bayern Munich 25 Franck Ribery 27
90%
2006 FIFA World Cup Germany 22 MF Marseille 23 Franck Ribery 3
90%
2022 FIFA World Cup Qatar 5 DF Barcelona 24 Jules Kounde 12
90%
2021 UEFA Nations League Italy 5 DF Sevilla 22 Jules Kounde 3
90%
EURO 2020 Europe (2021) 25 DF Sevilla 22 Jules Kounde 1
90%
2022 FIFA World Cup Qatar 16 GK Rennes 37 Steve Mandanda 34
90%
EURO 2020 Europe (2021) 16 GK Marseille 36 Steve Mandanda 34
90%
2018 FIFA World Cup Russia 16 GK Marseille 33 Steve Mandanda 27
90%
EURO 2016 France 16 GK Marseille 31 Steve Mandanda 22
90%
EURO 2012 Poland & Ukraine 16 GK Marseille 27 Steve Mandanda 15
90%
2010 FIFA World Cup South Africa 16 GK Marseille 25 Steve Mandanda 13
90%
EURO 2008 Austria & Switzerland 1 GK Marseille 23 Steve Mandanda 1
90%
2022 FIFA World Cup Qatar 24 DF Liverpool 23 Ibrahima Konate 2
89%
2018 FIFA World Cup Russia 14 MF Juventus 31 Blaise Matuidi 67
87%
EURO 2016 France 14 MF Paris Saint-Germain 29 Blaise Matuidi 44
87%
2014 FIFA World Cup Brazil 14 MF Paris Saint-Germain 27 Blaise Matuidi 23
87%
EURO 2012 Poland & Ukraine 12 MF Paris Saint-Germain 25 Blaise Matuidi 4
87%
EURO 2020 Europe (2021) 12 MF Bayern Munich 26 Corentin Tolisso 25
87%
2018 FIFA World Cup Russia 12 MF Bayern Munich 23 Corentin Tolisso 9
87%
EURO 2000 Belgium & Netherlands 7 MF© Chelsea 31 Didier Deschamps 96
87%
1998 FIFA World Cup France 7 MF© Juventus 29 Didier Deschamps 69
87%
EURO 1996 England 7 MF© Juventus 27 Didier Deschamps 53
87%
EURO 1992 Sweden 7 MF Marseille 23 Didier Deschamps 21
87%
EURO 2016 France 8 MF West Ham United 29 Dimitri Payet 19
87%
EURO 2012 Poland & Ukraine 15 MF Chelsea 31 Florent Malouda 80
87%
2010 FIFA World Cup South Africa 15 MF Chelsea 29 Florent Malouda 54
87%
EURO 2008 Austria & Switzerland 7 MF Chelsea 27 Florent Malouda 39
87%
2006 FIFA World Cup Germany 7 MF Lyon 25 Florent Malouda 13
87%
1986 FIFA World Cup Mexico 10 MF© Juventus 30 Michel Platini 63
87%
EURO 1984 France 10 MF© Juventus 28 Michel Platini 48
87%
1982 FIFA World Cup Spain 10 MF© Saint-Etienne 26 Michel Platini 35
87%
2010 FIFA World Cup South Africa 21 FW Chelsea 31 Nicolas Anelka 67
87%
EURO 2008 Austria & Switzerland 8 FW Chelsea 29 Nicolas Anelka 48
87%
2001 FIFA Confederations Cup South Korea & Japan 9 FW Paris Saint-Germain 22 Nicolas Anelka
87%
EURO 2000 Belgium & Netherlands 9 FW Real Madrid 21 Nicolas Anelka 12
87%
EURO 2008 Austria & Switzerland 4 MF Inter Milan 31 Patrick Vieira 105
87%
2006 FIFA World Cup Germany 4 MF Juventus 29 Patrick Vieira 87
87%
EURO 2004 Portugal 4 MF Arsenal 27 Patrick Vieira 69
87%
2002 FIFA World Cup South Korea & Japan 4 MF Arsenal 25 Patrick Vieira 52
87%
2001 FIFA Confederations Cup South Korea & Japan 4 MF Arsenal 24 Patrick Vieira
87%
EURO 2000 Belgium & Netherlands 4 MF Arsenal 23 Patrick Vieira 25
87%
1998 FIFA World Cup France 4 MF Arsenal 21 Patrick Vieira 7
87%
2021 UEFA Nations League Italy 3 DF Paris Saint-Germain 26 Presnel Kimpembe 24
87%
EURO 2020 Europe (2021) 3 DF Paris Saint-Germain 25 Presnel Kimpembe 17
87%
2018 FIFA World Cup Russia 3 DF Paris Saint-Germain 22 Presnel Kimpembe 2
87%
2022 FIFA World Cup Qatar 17 DF Arsenal 21 William Saliba 7
87%
2018 FIFA World Cup Russia 22 DF Manchester City 23 Benjamin Mendy 7
86%
2006 FIFA World Cup Germany 20 FW Juventus 28 David Trezeguet 63
86%
EURO 2004 Portugal 20 FW Juventus 26 David Trezeguet 50
86%
2002 FIFA World Cup South Korea & Japan 20 FW Juventus 24 David Trezeguet 36
86%
EURO 2000 Belgium & Netherlands 20 FW Monaco 22 David Trezeguet 18
86%
1998 FIFA World Cup France 20 FW Monaco 20 David Trezeguet 4
86%
EURO 2004 Portugal 8 DF© Chelsea 35 Marcel Desailly 114
86%
2003 FIFA Confederations Cup France 8 MF© Chelsea 34 Marcel Desailly
86%
2002 FIFA World Cup South Korea & Japan 8 DF© Chelsea 33 Marcel Desailly 93
86%
2001 FIFA Confederations Cup South Korea & Japan 8 DF© Chelsea 32 Marcel Desailly
86%
EURO 2000 Belgium & Netherlands 8 DF Chelsea 31 Marcel Desailly 67
86%
1998 FIFA World Cup France 8 DF Milan 29 Marcel Desailly 41
86%
EURO 1996 England 8 DF Milan 27 Marcel Desailly 25
86%
EURO 2000 Belgium & Netherlands 5 DF Inter Milan 34 Laurent Blanc 91
85%
1998 FIFA World Cup France 5 DF Marseille 32 Laurent Blanc 68
85%
EURO 1996 England 5 DF Auxerre 30 Laurent Blanc 51
85%
EURO 1992 Sweden 5 DF Napoli 26 Laurent Blanc 22
85%
EURO 2016 France 21 DF Arsenal 30 Laurent Koscielny 29
85%
2014 FIFA World Cup Brazil 21 DF Arsenal 28 Laurent Koscielny 17
85%
EURO 2012 Poland & Ukraine 21 DF Arsenal 26 Laurent Koscielny 4
85%
2021 UEFA Nations League Italy 23 GK Milan 26 Mike Maignan 1
85%
EURO 2020 Europe (2021) 23 GK Lille 25 Mike Maignan 1
85%
EURO 2020 Europe (2021) 17 MF Tottenham Hotspur 31 Moussa Sissoko 69
85%
EURO 2016 France 18 MF Newcastle United 26 Moussa Sissoko 38
85%
2014 FIFA World Cup Brazil 18 MF Newcastle United 24 Moussa Sissoko 17
85%
EURO 2020 Europe (2021) 8 MF Atletico Madrid 25 Thomas Lemar 25
85%
2018 FIFA World Cup Russia 8 FW Monaco 22 Thomas Lemar 12
85%
EURO 2016 France 19 DF Manchester City 33 Bacary Sagna 57
84%
2014 FIFA World Cup Brazil 15 DF Arsenal 31 Bacary Sagna 41
84%
2010 FIFA World Cup South Africa 2 DF Arsenal 27 Bacary Sagna 20
84%
EURO 2012 Poland & Ukraine 22 DF Manchester City 26 Gael Clichy 15
84%
2010 FIFA World Cup South Africa 22 DF Arsenal 24 Gael Clichy 4
84%
2022 FIFA World Cup Qatar 12 FW Eintracht Frankfurt 23 Randal Kolo Muani 2
84%
2010 FIFA World Cup South Africa 19 MF Arsenal 24 Abou Diaby 5
83%
EURO 2016 France 10 FW Tigres UANL 30 Andre-Pierre Gignac 27
83%
2010 FIFA World Cup South Africa 11 FW Toulouse 24 Andre-Pierre Gignac 13
83%
EURO 2004 Portugal 3 DF Bayern Munich 34 Bixente Lizarazu 93
83%
2003 FIFA Confederations Cup France 3 DF Bayern Munich 33 Bixente Lizarazu
83%
2002 FIFA World Cup South Korea & Japan 3 DF Bayern Munich 32 Bixente Lizarazu 74
83%
2001 FIFA Confederations Cup South Korea & Japan 3 DF Bayern Munich 31 Bixente Lizarazu
83%
EURO 2000 Belgium & Netherlands 3 DF Bayern Munich 30 Bixente Lizarazu 55
83%
1998 FIFA World Cup France 3 DF Bayern Munich 28 Bixente Lizarazu 32
83%
EURO 1996 England 12 DF Bordeaux 26 Bixente Lizarazu 21
83%
EURO 2008 Austria & Switzerland 6 MF Chelsea 35 Claude Makelele 68
83%
2006 FIFA World Cup Germany 6 MF Chelsea 33 Claude Makelele 43
83%
EURO 2004 Portugal 6 MF Chelsea 31 Claude Makelele 34
83%
2002 FIFA World Cup South Korea & Japan 7 MF Real Madrid 29 Claude Makelele 14
83%
EURO 2020 Europe (2021) 5 DF Barcelona 25 Clement Lenglet 12
83%
2021 UEFA Nations League Italy 18 DF Everton 28 Lucas Digne 42
83%
EURO 2020 Europe (2021) 18 DF Everton 27 Lucas Digne 38
83%
EURO 2016 France 17 DF Roma 22 Lucas Digne 13
83%
2014 FIFA World Cup Brazil 17 DF Paris Saint-Germain 20 Lucas Digne 2
83%
2021 UEFA Nations League Italy 11 FW Bayer Leverkusen 22 Moussa Diaby 2
83%
2010 FIFA World Cup South Africa 3 DF Barcelona 30 Eric Abidal 48
82%
EURO 2008 Austria & Switzerland 3 DF Barcelona 28 Eric Abidal 35
82%
2006 FIFA World Cup Germany 3 DF Lyon 26 Eric Abidal 8
82%
EURO 2012 Poland & Ukraine 11 MF Manchester City 24 Samir Nasri 35
81%
EURO 2008 Austria & Switzerland 11 MF Marseille 20 Samir Nasri 10
81%
2002 FIFA World Cup South Korea & Japan 17 MF Chelsea 31 Emmanuel Petit 57
80%
EURO 2000 Belgium & Netherlands 17 MF Arsenal 29 Emmanuel Petit 39
80%
1998 FIFA World Cup France 17 MF Arsenal 27 Emmanuel Petit 17
80%
EURO 1992 Sweden 4 MF Monaco 21 Emmanuel Petit 4
80%
EURO 2004 Portugal 7 MF Arsenal 30 Robert Pires 74
80%
2003 FIFA Confederations Cup France 7 MF Arsenal 29 Robert Pires
80%
2001 FIFA Confederations Cup South Korea & Japan 7 MF Arsenal 27 Robert Pires
80%
EURO 2000 Belgium & Netherlands 11 MF Marseille 26 Robert Pires 35
80%
1998 FIFA World Cup France 11 MF Metz 24 Robert Pires 14
80%
2018 FIFA World Cup Russia 17 DF Marseille 32 Adil Rami 35
79%
EURO 2016 France 4 DF Sevilla 30 Adil Rami 28
79%
EURO 2012 Poland & Ukraine 4 DF Valencia 26 Adil Rami 24
79%
2010 FIFA World Cup South Africa 5 DF Arsenal 32 William Gallas 81
78%
EURO 2008 Austria & Switzerland 5 DF Arsenal 30 William Gallas 62
78%
2006 FIFA World Cup Germany 5 DF Chelsea 28 William Gallas 40
78%
EURO 2004 Portugal 5 DF Chelsea 26 William Gallas 18
78%
2003 FIFA Confederations Cup France 5 DF Chelsea 25 William Gallas
78%
2018 FIFA World Cup Russia 18 FW Lyon 24 Nabil Fekir 12
77%
2021 UEFA Nations League Italy 20 FW Monaco 31 Wissam Ben Yedder 15
77%
EURO 2020 Europe (2021) 22 FW Monaco 30 Wissam Ben Yedder 14
77%
EURO 2016 France 6 MF Crystal Palace 30 Yohan Cabaye 46
77%
2014 FIFA World Cup Brazil 6 MF Paris Saint-Germain 28 Yohan Cabaye 30
77%
EURO 2012 Poland & Ukraine 6 MF Newcastle United 26 Yohan Cabaye 16
77%
EURO 2016 France 13 DF Manchester City 25 Eliaquim Mangala 7
76%
2014 FIFA World Cup Brazil 13 DF Porto 23 Eliaquim Mangala 3
76%
2010 FIFA World Cup South Africa 9 FW Panathinaikos 28 Djibril Cisse 39
75%
2003 FIFA Confederations Cup France 9 FW Auxerre 21 Djibril Cisse
75%
2002 FIFA World Cup South Korea & Japan 9 FW Auxerre 20 Djibril Cisse 1
75%
2006 FIFA World Cup Germany 14 FW Manchester United 27 Louis Saha 9
75%
EURO 2004 Portugal 9 FW Manchester United 25 Louis Saha 4
75%
2014 FIFA World Cup Brazil 5 DF Liverpool 24 Mamadou Sakho 19
75%
2014 FIFA World Cup Brazil 8 MF Marseille 29 Mathieu Valbuena 34
75%
EURO 2012 Poland & Ukraine 8 MF Marseille 27 Mathieu Valbuena 12
75%
2010 FIFA World Cup South Africa 20 MF Marseille 25 Mathieu Valbuena 2
75%
EURO 2016 France 12 MF Manchester United 26 Morgan Schneiderlin 15
75%
2014 FIFA World Cup Brazil 22 MF Southampton 24 Morgan Schneiderlin 1
75%
2018 FIFA World Cup Russia 15 MF Sevilla 29 Steven Nzonzi 4
75%
2006 FIFA World Cup Germany 11 FW Lyon 32 Sylvain Wiltord 80
75%
EURO 2004 Portugal 11 FW Arsenal 30 Sylvain Wiltord 66
75%
2003 FIFA Confederations Cup France 11 FW Arsenal 29 Sylvain Wiltord
75%
2002 FIFA World Cup South Korea & Japan 11 FW Arsenal 28 Sylvain Wiltord 38
75%
2001 FIFA Confederations Cup South Korea & Japan 11 FW Arsenal 27 Sylvain Wiltord
75%
EURO 2000 Belgium & Netherlands 13 FW Bordeaux 26 Sylvain Wiltord 14
75%
2018 FIFA World Cup Russia 19 DF Monaco 25 Djibril Sidibe 17
73%
EURO 1992 Sweden 3 DF Sochaux 25 Franck Silvestre 11
73%
2006 FIFA World Cup Germany 13 DF Manchester United 28 Mikael Silvestre 39
73%
EURO 2004 Portugal 13 DF Manchester United 26 Mikael Silvestre 30
73%
2003 FIFA Confederations Cup France 13 DF Manchester United 25 Mikael Silvestre
73%
2002 FIFA World Cup South Korea & Japan 13 DF Manchester United 24 Mikael Silvestre 10
73%
2001 FIFA Confederations Cup South Korea & Japan 13 DF Manchester United 23 Mikael Silvestre
73%
EURO 1992 Sweden 18 FW Leeds United 26 Eric Cantona 24
72%
2018 FIFA World Cup Russia 20 FW Marseille 25 Florian Thauvin 4
71%
EURO 2020 Europe (2021) 15 DF Chelsea 26 Kurt Zouma 8
71%
EURO 2012 Poland & Ukraine 18 MF Marseille 30 Alou Diarra 44
70%
2010 FIFA World Cup South Africa 18 MF Bordeaux 28 Alou Diarra 25
70%
2006 FIFA World Cup Germany 18 MF Lens 24 Alou Diarra 9
70%
2001 FIFA Confederations Cup South Korea & Japan 19 DF Middlesbrough 30 Christian Karembeu
70%
EURO 2000 Belgium & Netherlands 19 MF Real Madrid 29 Christian Karembeu 43
70%
1998 FIFA World Cup France 19 MF Real Madrid 27 Christian Karembeu 31
70%
EURO 1996 England 19 MF Sampdoria 25 Christian Karembeu 20
70%
EURO 2008 Austria & Switzerland 21 MF Portsmouth 23 Lassana Diarra 13
70%
2014 FIFA World Cup Brazil 2 DF Newcastle United 28 Mathieu Debuchy 21
70%
EURO 2012 Poland & Ukraine 2 DF Lille 26 Mathieu Debuchy 9
70%
EURO 2008 Austria & Switzerland 19 DF Bayern Munich 31 Willy Sagnol 56
70%
2006 FIFA World Cup Germany 19 DF Bayern Munich 29 Willy Sagnol 38
70%
EURO 2004 Portugal 19 DF Bayern Munich 27 Willy Sagnol 24
70%
2003 FIFA Confederations Cup France 19 DF Bayern Munich 26 Willy Sagnol
70%
2002 FIFA World Cup South Korea & Japan 19 DF Bayern Munich 25 Willy Sagnol 9
70%
2001 FIFA Confederations Cup South Korea & Japan 2 DF Bayern Munich 24 Willy Sagnol
70%
EURO 2012 Poland & Ukraine 5 DF Milan 30 Philippe Mexes 29
69%
2003 FIFA Confederations Cup France 2 DF Auxerre 21 Philippe Mexes
69%
2002 FIFA World Cup South Korea & Japan 6 MF Bolton Wanderers 34 Youri Djorkaeff 79
69%
2001 FIFA Confederations Cup South Korea & Japan 6 FW Kaiserslautern 33 Youri Djorkaeff
69%
EURO 2000 Belgium & Netherlands 6 MF Kaiserslautern 32 Youri Djorkaeff 63
69%
1998 FIFA World Cup France 6 MF Inter Milan 30 Youri Djorkaeff 37
69%
EURO 1996 England 9 MF Paris Saint-Germain 28 Youri Djorkaeff 20
69%
2022 FIFA World Cup Qatar 13 MF Monaco 23 Youssouf Fofana 2
69%
EURO 1992 Sweden 9 FW Marseille 28 Jean-Pierre Papin 35
68%
1986 FIFA World Cup Mexico 17 FW Club Bruge 22 Jean-Pierre Papin 1
68%
EURO 2008 Austria & Switzerland 23 GK Lyon 35 Gregory Coupet 31
66%
2006 FIFA World Cup Germany 23 GK Lyon 33 Gregory Coupet 18
66%
EURO 2004 Portugal 23 GK Lyon 31 Gregory Coupet 8
66%
2003 FIFA Confederations Cup France 23 GK Lyon 30 Gregory Coupet
66%
2002 FIFA World Cup South Korea & Japan 23 GK Lyon 29 Gregory Coupet 1
66%
2001 FIFA Confederations Cup South Korea & Japan 12 GK Lyon 28 Gregory Coupet
66%
2022 FIFA World Cup Qatar 3 DF Monaco 24 Axel Disasi 0
65%
2002 FIFA World Cup South Korea & Japan 18 DF Marseille 34 Frank Leboeuf 47
65%
2001 FIFA Confederations Cup South Korea & Japan 18 DF Chelsea 33 Frank Leboeuf
65%
EURO 2000 Belgium & Netherlands 18 DF Chelsea 32 Frank Leboeuf 29
65%
1998 FIFA World Cup France 18 DF Chelsea 30 Frank Leboeuf 14
65%
EURO 1996 England 4 DF Strasbourg 28 Frank Leboeuf 9
65%
2014 FIFA World Cup Brazil 20 FW Newcastle United 27 Loic Remy 25
65%
2022 FIFA World Cup Qatar 6 MF Marseille 23 Matteo Guendouzi 6
65%
2021 UEFA Nations League Italy 13 MF Marseille 22 Matteo Guendouzi 0
65%
2014 FIFA World Cup Brazil 16 GK Saint-Etienne 27 Stephane Ruffier 2
64%
2010 FIFA World Cup South Africa 8 MF Bordeaux 23 Yoann Gourcuff 20
64%
EURO 2012 Poland & Ukraine 20 MF Newcastle United 24 Hatem Ben Arfa 13
63%
2022 FIFA World Cup Qatar 15 MF Marseille 29 Jordan Veretout 5
63%
2021 UEFA Nations League Italy 17 MF Roma 28 Jordan Veretout 2
63%
2010 FIFA World Cup South Africa 10 FW Lyon 30 Sidney Govou 46
63%
EURO 2008 Austria & Switzerland 10 FW Lyon 28 Sidney Govou 32
63%
2006 FIFA World Cup Germany 9 FW Lyon 26 Sidney Govou 19
63%
EURO 2004 Portugal 22 FW Lyon 24 Sidney Govou 12
63%
2003 FIFA Confederations Cup France 22 FW Lyon 23 Sidney Govou
63%
2010 FIFA World Cup South Africa 14 MF Lyon 26 Jeremy Toulalan 34
62%
EURO 2008 Austria & Switzerland 20 MF Lyon 24 Jeremy Toulalan 13
62%
1998 FIFA World Cup France 9 FW Auxerre 27 Stephane Guivarc'h 6
61%
2002 FIFA World Cup South Korea & Japan 21 FW Bordeaux 30 Christophe Dugarry 51
60%
2001 FIFA Confederations Cup South Korea & Japan 21 FW Bordeaux 29 Christophe Dugarry
60%
EURO 2000 Belgium & Netherlands 21 FW Bordeaux 28 Christophe Dugarry 39
60%
1998 FIFA World Cup France 21 FW Marseille 26 Christophe Dugarry 23
60%
EURO 1996 England 13 FW Bordeaux 24 Christophe Dugarry 11
60%
EURO 2000 Belgium & Netherlands 1 GK Paris Saint-Germain 37 Bernard Lama 42
57%
1998 FIFA World Cup France 1 GK Paris Saint-Germain 35 Bernard Lama 37
57%
EURO 1996 England 1 GK Paris Saint-Germain 33 Bernard Lama 29
57%
2021 UEFA Nations League Italy 12 DF Lyon 27 Leo Dubois 10
57%
EURO 2020 Europe (2021) 24 DF Lyon 26 Leo Dubois 7
57%
2003 FIFA Confederations Cup France 10 MF Monaco 26 Ludovic Giuly
56%
2014 FIFA World Cup Brazil 23 GK Bastia 35 Mickael Landreau 11
56%
2006 FIFA World Cup Germany 1 GK Nantes 27 Mickael Landreau 3
56%
EURO 2004 Portugal 1 GK Nantes 25 Mickael Landreau 3
56%
2003 FIFA Confederations Cup France 1 GK Nantes 24 Mickael Landreau
56%
2001 FIFA Confederations Cup South Korea & Japan 23 GK Nantes 22 Mickael Landreau
56%
EURO 2016 France 2 DF Lyon 32 Christophe Jallet 11
55%
2002 FIFA World Cup South Korea & Japan 2 DF Roma 28 Vincent Candela 36
55%
EURO 2000 Belgium & Netherlands 2 DF Roma 26 Vincent Candela 21
55%
1998 FIFA World Cup France 2 DF Roma 24 Vincent Candela 10
55%
EURO 2012 Poland & Ukraine 14 MF Paris Saint-Germain 25 Jeremy Menez 16
54%
2014 FIFA World Cup Brazil 12 MF Lille 30 Rio Mavuba 12
54%
1986 FIFA World Cup Mexico 14 MF Bordeaux 30 Jean Tigana 40
53%
EURO 1984 France 14 MF Bordeaux 28 Jean Tigana 28
53%
1982 FIFA World Cup Spain 14 MF Bordeaux 26 Jean Tigana 13
53%
EURO 2012 Poland & Ukraine 13 DF Lyon 32 Anthony Reveillere 18
51%
2010 FIFA World Cup South Africa 4 DF Lyon 30 Anthony Reveillere 6
51%
2021 UEFA Nations League Italy 16 GK Bordeaux 34 Benoit Costil 1
51%
EURO 2016 France 23 GK Rennes 28 Benoit Costil 0
51%
2010 FIFA World Cup South Africa 17 DF Sevilla 29 Sebastien Squillaci 20
51%
EURO 2008 Austria & Switzerland 17 DF Lyon 27 Sebastien Squillaci 13
51%
2002 FIFA World Cup South Korea & Japan 14 MF Parma 31 Alain Boghossian 26
50%
1998 FIFA World Cup France 14 MF Sampdoria 27 Alain Boghossian 6
50%
EURO 1992 Sweden 10 MF Cannes 32 Luis Fernandez 57
50%
1986 FIFA World Cup Mexico 9 MF Paris Saint-Germain 26 Luis Fernandez 28
50%
EURO 1984 France 6 MF Paris Saint-Germain 24 Luis Fernandez 12
50%
EURO 2008 Austria & Switzerland 2 DF Lyon 28 Jean-Alain Boumsong 23
49%
2006 FIFA World Cup Germany 2 DF Newcastle United 26 Jean-Alain Boumsong 19
49%
EURO 2004 Portugal 2 DF Auxerre 24 Jean-Alain Boumsong 7
49%
2003 FIFA Confederations Cup France 4 DF Auxerre 23 Jean-Alain Boumsong
49%
EURO 2012 Poland & Ukraine 19 MF Sochaux 24 Marvin Martin 14
49%
EURO 2008 Austria & Switzerland 18 FW Saint-Etienne 22 Bafetimbi Gomis 2
48%
EURO 2012 Poland & Ukraine 17 MF Rennes 21 Yann M'Vila 22
47%
1986 FIFA World Cup Mexico 12 MF Bordeaux 33 Alain Giresse 41
46%
EURO 1984 France 12 MF Bordeaux 31 Alain Giresse 28
46%
1982 FIFA World Cup Spain 12 MF Bordeaux 29 Alain Giresse 14
46%
EURO 2012 Poland & Ukraine 23 GK Bordeaux 30 Cedric Carrasso 1
46%
2010 FIFA World Cup South Africa 23 GK Bordeaux 28 Cedric Carrasso 0
46%
2014 FIFA World Cup Brazil 7 MF Montpellier 24 Remy Cabella 1
46%
1982 FIFA World Cup Spain 8 DF Bordeaux 32 Marius Tresor 53
44%
2002 FIFA World Cup South Korea & Japan 1 GK Bordeaux 29 Ulrich Rame 11
44%
2001 FIFA Confederations Cup South Korea & Japan 1 GK Bordeaux 28 Ulrich Rame
44%
EURO 2000 Belgium & Netherlands 22 GK Bordeaux 27 Ulrich Rame 2
44%
EURO 1996 England 20 DF Paris Saint-Germain 28 Alain Roche 22
43%
EURO 1992 Sweden 2 DF© Marseille 30 Manuel Amoros 79
43%
1986 FIFA World Cup Mexico 2 DF Monaco 24 Manuel Amoros 32
43%
EURO 1984 France 2 DF Monaco 22 Manuel Amoros 21
43%
1982 FIFA World Cup Spain 2 DF Monaco 20 Manuel Amoros 4
43%
2006 FIFA World Cup Germany 8 MF Paris Saint-Germain 32 Vikash Dhorasoo 16
43%
1998 FIFA World Cup France 13 MF Auxerre 24 Bernard Diomede 6
42%
1998 FIFA World Cup France 22 GK Auxerre 31 Lionel Charbonnier 1
42%
EURO 2004 Portugal 17 MF Roma 29 Olivier Dacourt 19
42%
2003 FIFA Confederations Cup France 6 MF Leeds United 28 Olivier Dacourt
42%
2001 FIFA Confederations Cup South Korea & Japan 16 MF Leeds United 26 Olivier Dacourt
42%
EURO 2004 Portugal 14 MF Monaco 26 Jerome Rothen 5
41%
2003 FIFA Confederations Cup France 14 MF Monaco 25 Jerome Rothen
41%
1986 FIFA World Cup Mexico 4 DF Bordeaux 29 Patrick Battiston 42
41%
EURO 1984 France 5 DF Bordeaux 27 Patrick Battiston 31
41%
1982 FIFA World Cup Spain 3 DF Saint-Etienne 25 Patrick Battiston 19
41%
2002 FIFA World Cup South Korea & Japan 5 DF Barcelona 23 Philippe Christanval 4
41%
1986 FIFA World Cup Mexico 18 FW Paris Saint-Germain 31 Dominique Rocheteau 45
40%
EURO 1984 France 16 FW Paris Saint-Germain 29 Dominique Rocheteau 37
40%
1982 FIFA World Cup Spain 18 FW Paris Saint-Germain 27 Dominique Rocheteau 24
40%
2006 FIFA World Cup Germany 21 DF Wigan Athletic 27 Pascal Chimbonda 1
40%
2002 FIFA World Cup South Korea & Japan 22 MF Parma 28 Johan Micoud 14
39%
EURO 2000 Belgium & Netherlands 14 MF Bordeaux 26 Johan Micoud 6
39%
EURO 1996 England 11 FW Paris Saint-Germain 26 Patrice Loko 17
39%
EURO 2008 Austria & Switzerland 16 GK Fiorentina 28 Sebastien Frey 2
39%
1986 FIFA World Cup Mexico 1 GK Paris Saint-Germain 29 Joel Bats 23
38%
EURO 1984 France 1 GK Auxerre 27 Joel Bats 7
38%
EURO 2004 Portugal 18 MF Sochaux 23 Benoit Pedretti 16
37%
2003 FIFA Confederations Cup France 18 MF Sochaux 22 Benoit Pedretti
37%
EURO 1992 Sweden 13 DF Marseille 25 Basile Boli 35
36%
EURO 1984 France 13 MF Mulhouse 29 Didier Six 49
36%
1982 FIFA World Cup Spain 19 FW Stuttgart 27 Didier Six 36
36%
2006 FIFA World Cup Germany 17 DF Monaco 24 Gael Givet 11
35%
1986 FIFA World Cup Mexico 6 DF Racing Paris 30 Maxime Bossis 69
35%
EURO 1984 France 4 DF Nantes 28 Maxime Bossis 55
35%
1982 FIFA World Cup Spain 4 DF Nantes 26 Maxime Bossis 37
35%
1982 FIFA World Cup Spain 6 DF Saint-Etienne 29 Christian Lopez 35
34%
2010 FIFA World Cup South Africa 6 DF Bordeaux 28 Marc Planus 1
34%
EURO 1996 England 2 DF Torino 30 Jocelyn Angloma 35
33%
EURO 1992 Sweden 20 DF Marseille 26 Jocelyn Angloma 10
33%
EURO 1992 Sweden 8 MF Marseille 26 Franck Sauzee 25
32%
EURO 1984 France 17 FW Bordeaux 31 Bernard Lacombe 34
31%
1982 FIFA World Cup Spain 17 FW Bordeaux 29 Bernard Lacombe 29
31%
EURO 1996 England 6 MF Paris Saint-Germain 30 Vincent Guerin 14
31%
EURO 1996 England 3 DF Monaco 32 Eric Di Meco 22
30%
EURO 2004 Portugal 21 FW Marseille 30 Steve Marlet 23
29%
2003 FIFA Confederations Cup France 20 FW Fulham 29 Steve Marlet
29%
2001 FIFA Confederations Cup South Korea & Japan 17 FW Lyon 27 Steve Marlet
29%
2001 FIFA Confederations Cup South Korea & Japan 10 MF Nantes 28 Eric Carriere
28%
2003 FIFA Confederations Cup France 17 MF Auxerre 22 Olivier Kapo
28%
1986 FIFA World Cup Mexico 19 FW Toulouse 25 Yannick Stopyra 16
28%
EURO 2008 Austria & Switzerland 14 DF Lyon 25 Francois Clerc 12
26%
1982 FIFA World Cup Spain 5 DF Saint-Etienne 28 Gerard Janvion 32
26%
1982 FIFA World Cup Spain 22 GK Monaco 26 Jean-Luc Ettori 2
26%
1986 FIFA World Cup Mexico 13 MF Monaco 28 Bernard Genghini 25
25%
EURO 1984 France 9 MF Monaco 26 Bernard Genghini 22
25%
1982 FIFA World Cup Spain 9 MF Sochaux 24 Bernard Genghini 8
25%
1986 FIFA World Cup Mexico 16 FW Monaco 24 Bruno Bellone 24
25%
EURO 1984 France 11 MF Monaco 22 Bruno Bellone 14
25%
1982 FIFA World Cup Spain 15 FW Monaco 20 Bruno Bellone 6
25%
EURO 1996 England 22 GK Montpellier 34 Bruno Martini 31
24%
EURO 1992 Sweden 1 GK Auxerre 30 Bruno Martini 22
24%
EURO 1996 England 14 MF Auxerre 24 Sabri Lamouchi 8
24%
1986 FIFA World Cup Mexico 7 DF Nantes 26 Yvon Le Roux 18
24%
EURO 1984 France 15 DF Monaco 24 Yvon Le Roux 9
24%
1982 FIFA World Cup Spain 11 MF Bordeaux 28 Rene Girard 2
22%
1982 FIFA World Cup Spain 16 FW Monaco 23 Alain Couriol 7
21%
1982 FIFA World Cup Spain 20 FW Bordeaux 28 Gerard Soler 7
21%
1982 FIFA World Cup Spain 13 MF Saint-Etienne 25 Jean-Francois Larios 15
21%
2001 FIFA Confederations Cup South Korea & Japan 22 MF Paris Saint-Germain 26 Laurent Robert
21%
2001 FIFA Confederations Cup South Korea & Japan 5 DF Nantes 24 Nicolas Gillet
21%
2003 FIFA Confederations Cup France 21 MF Atalanta 26 Ousmane Dabo
21%
1986 FIFA World Cup Mexico 3 DF Nantes 25 William Ayache 9
21%
1986 FIFA World Cup Mexico 22 GK Sochaux 32 Albert Rust 0
20%
EURO 1984 France 20 GK Sochaux 30 Albert Rust 0
20%
EURO 1984 France 8 MF Monaco 21 Daniel Bravo 8
20%
1982 FIFA World Cup Spain 21 GK Saint-Etienne 25 Jean Castaneda 7
20%
EURO 1984 France 3 DF Toulouse 26 Jean-Francois Domergue 1
20%
1986 FIFA World Cup Mexico 11 MF Auxerre 23 Jean-Marc Ferreri 14
20%
EURO 1984 France 7 MF Auxerre 21 Jean-Marc Ferreri 9
20%
1986 FIFA World Cup Mexico 5 DF Paris Saint-Germain 27 Michel Bibard 5
20%
1982 FIFA World Cup Spain 7 DF Metz 26 Philippe Mahut 4
20%
1986 FIFA World Cup Mexico 15 MF Lens 24 Philippe Vercruysse 2
20%
1986 FIFA World Cup Mexico 8 DF Bordeaux 28 Thierry Tusseau 18
20%
EURO 1984 France 18 DF Bordeaux 26 Thierry Tusseau 10
20%
EURO 1992 Sweden 6 DF Marseille 30 Bernard Casoni 24
19%
1982 FIFA World Cup Spain 1 GK Paris Saint-Germain 34 Dominique Baratelli 21
19%
EURO 1996 England 18 MF Nantes 24 Reynald Pedros 22
18%
1986 FIFA World Cup Mexico 20 FW Lens 26 Daniel Xuereb 3
17%
EURO 1992 Sweden 14 MF Marseille 31 Jean-Philippe Durand 20
17%
EURO 1992 Sweden 16 MF Auxerre 26 Pascal Vahirua 13
17%
2001 FIFA Confederations Cup South Korea & Japan 20 DF Marseille 22 Zoumana Camara
17%
1986 FIFA World Cup Mexico 21 GK Toulouse 32 Philippe Bergeroo 3
16%
EURO 1984 France 19 GK Toulouse 30 Philippe Bergeroo 3
16%
EURO 1992 Sweden 11 FW Paris Saint-Germain 29 Christian Perez 19
13%
EURO 1996 England 21 MF Auxerre 26 Corentin Martins 14
13%
2001 FIFA Confederations Cup South Korea & Japan 15 MF Lyon 21 Jeremie Brechet
13%
EURO 1992 Sweden 17 DF Lyon 26 Remi Garde 6
11%
2001 FIFA Confederations Cup South Korea & Japan 14 FW Bastia 26 Frederic Nee
10%
EURO 1992 Sweden 12 MF Auxerre 24 Christophe Cocard 4
9%
EURO 1996 England 17 FW Monaco 28 Mickael Madar 3
9%
EURO 1992 Sweden 15 FW Montpellier 24 Fabrice Divert 3
8%
EURO 1992 Sweden 19 GK Lyon 28 Gilles Rousset 2
5%
No matching quizzes found
Score Distribution
Percent of People with Each Score
Percentile by Number Answered
Your Score History
You have not taken this quiz